Online
Catalog

Caminando por la literatura hispánica / (Record no. 8521)

MARC details
000 -CABECERA
campo de control de longitud fija 00559nam a2200193 a 4500
001 - NÚMERO DE CONTROL
campo de control 000008751
005 - FECHA Y HORA DE LA ÚLTIMA TRANSACCIÓN
campo de control 20240305125107.0
008 - DATOS DE LONGITUD FIJA--INFORMACIÓN GENERAL
campo de control de longitud fija 090918s1964 dr 001 0 spa d
040 ## - FUENTE DE LA CATALOGACIÓN
Centro catalogador/agencia de origen DO-SdBNP
082 ## - NÚMERO DE LA CLASIFICACIÓN DECIMAL DEWEY
Número de clasificación xxx
Número de documento/Ítem F363c
049 ## - FONDOS LOCALES (OCLC)
Fondos de biblioteca BNPD
100 1# - ENTRADA PRINCIPAL--NOMBRE DE PERSONA
Nombre de persona Fernández Spencer, Antonio,
Fechas asociadas al nombre 1922-1995
9 (RLIN) 22525
245 10 - MENCIÓN DE TÍTULO
Título Caminando por la literatura hispánica /
Mención de responsabilidad, etc. Antonio Fernández Spencer.
260 ## - PUBLICACIÓN, DISTRIBUCIÓN, ETC.
Lugar de publicación, distribución, etc. Santo Domingo :
Nombre del editor, distribuidor, etc. Arquero,
Fecha de publicación, distribución, etc. 1964.
300 ## - DESCRIPCIÓN FÍSICA
Extensión 278 p. ;
Dimensiones 23 cm.
490 1# - MENCIÓN DE SERIE
Mención de serie Arquero
500 ## - NOTA GENERAL
Nota general Incluye índice de autores
830 #0 - PUNTO DE ACCESO ADICIONAL DE SERIE-TÍTULO UNIFORME
Título uniforme Arquero
9 (RLIN) 22890
Holdings
Estado de retiro Estado de pérdida Restricciones de uso No para préstamo Código de colección Localización permanente Ubicación/localización actual Ubicación en estantería Fecha de adquisición Número de inventario Total de préstamos Signatura topográfica completa Código de barras Fecha visto por última vez Número de copia Precio válido a partir de Tipo de ítem Koha Nota pública
        Dominicana de Servicio General General En catalogación 17.08.2011 LF1   xxx F363c 8751-50 25.06.2020 e. 3 25.06.2020 Libro y Folleto Colección Dominicana de Servicio  
      Excluido de préstamo Patrimonio Dominicano Patrimonio Dominicano Patrimonio Dominicano Depósito 18.09.2009 LF1   xxx F363c 8751-10 25.06.2020   25.06.2020 Libro y Folleto Colección Patrimonio Dominicano Perteneció a la biblioteca personal de Aída Cartagena Portalatín.
      Excluido de préstamo Patrimonio Dominicano Patrimonio Dominicano Patrimonio Dominicano En catalogación 18.09.2009 LF1   xxx F363c 8751-20 25.06.2020 e. 2 25.06.2020 Libro y Folleto Colección Patrimonio Dominicano  
        Dominicana de Servicio Patrimonio Dominicano Patrimonio Dominicano En catalogación 28.09.2009 LF1   xxx F363c 8751-40 25.06.2020 e. 4 25.06.2020 Libro y Folleto Colección Dominicana de Servicio  

Powered by Koha